Statistics for 10 European Cities with Busiest Airports

Click here to take the quiz!

General Stats

  • This quiz has been taken 1,548 times
  • The average score is 9 of 10

Answer Stats

PassengersCity% Correct
163.2mLondon
100%
101.2mParis
99%
50.4mMadrid
97%
47.1mRome
95%
76.1mMoscow
91%
63.4mAmsterdam
90%
63.6mFrankfurt
90%
42.2mBarcelona
88%
89.7mIstanbul
82%
43.3mMunich
82%

Score Distribution

Percentile by Number Answered

Percent of People with Each Score

Your Score History

You have not taken this quiz